Datum a čas kvízu

28 Celkem bodů Celkový počet nahraných bodů na tomto kvízu bez doplňovacích otázek.
4. Pořadí na kvízu Konečné umístění týmu na tomto kvízu.

Zaznamenané odpovědi

# Otázka Odpověď Body Výsledky
1. Jedenáct klavírů a pian českéh... Karel Komárek 0
2. V britském městě Ipswich pojme... Ivan Blatný 0
3. Minulý týden jsme se dozvěděli... Christopher Lambert 0
4. Američtí biologové naklonovali... Převalského 1
5. Srbský tenista Novak Djoković... Trefil mimo hru čárovou rozhodčí. 1
6. Za celou historii udělování No... Marie Curie-Skłodowská 1
7. Pouze dvěma Čechům v historii... Jaroslav Heyrovský, Jaroslav Seifert 0
8. V roce 1954 obdržel Nobelovu c... Ernest Hemingway, Stařec a moře 0.5
9. Přiřaďte laureáty Nobelových c... 1C 2D 3B 4A 0
10. Vyberte nepravdivé tvrzení o p... C 1